000 00420cam a2200169ua 4500
020 _c1.40
041 _amal
_h
082 _a894.8121
_bSRE/SR
100 _aSreedhara Menon, Vailoppilli.
245 _aSreerekha /
_cVailoppilli Sreedhara Menon.
_hTextual Documents
260 _aEranakulam :
_bParishath book stall.
300 _a110 ; .
365 _a1.40
504 _a
942 _cBK
999 _c5096
_d5096